[Event "LSV Turm Lippstadt 1 - Brühler SK 1"]
[Site "NRW-Liga - Gruppe 2 2021/2022"]
[Date "2022.01.09"]
[Round "4.8"]
[White "Homfeldt, Christopher"]
[Black "Tokmak, Tugay"]
[Result "1-0"]
[WhiteElo "1792"]
[BlackElo "1789"]
[PlyCount "63"]
[EventDate "2022.??.??"]
[SourceVersionDate "2020.03.16"]
[WhiteTeam "LSV Turm Lippstadt 1"]
[BlackTeam "Brühler SK 1"]

1. d4 Nf6 2. c4 g6 3. Nf3 Bg7 4. Nc3 d6 5. e4 O-O 6. Be2 Nbd7 7. h3 e5 8. Be3
Re8 9. dxe5 dxe5 10. O-O c6 11. b4 Qc7 12. Qb3 Nf8 13. c5 Be6 14. Bc4 Rad8 15.
Rfd1 Bxc4 16. Qxc4 Ne6 17. a4 Nd4 18. Nxd4 exd4 19. Bxd4 Rxd4 20. Rxd4 Nd7 21.
Rdd1 Ne5 22. Qb3 Qe7 23. Ra2 Qg5 24. Ne2 Qe7 25. Rad2 g5 26. Ng3 g4 27. Nf5 Qg5
28. h4 Qf4 29. Qe3 Qxe3 30. Nxe3 Bh6 31. Rd8 Rf8 32. Nf5 1-0

[Event "SG Solingen 3 - Bielefelder SK 1"]
[Site "NRW-Liga - Gruppe 2 2021/2022"]
[Date "2022.01.09"]
[Round "4.1"]
[White "Forchert, Martin"]
[Black "Hobusch, Jan"]
[Result "1/2-1/2"]
[WhiteElo "2269"]
[BlackElo "2211"]
[Annotator "daniel"]
[PlyCount "86"]
[EventDate "2022.??.??"]
[SourceVersionDate "2020.03.16"]
[WhiteTeam "Bielefelder SK 1"]
[BlackTeam "SG Solingen 3"]

1. e4 c6 2. d4 d5 3. exd5 cxd5 4. Bd3 Nc6 5. c3 Nf6 6. Bf4 Bg4 7. Qb3 Qd7 8.
Nd2 e6 9. Ngf3 Bd6 10. Bxd6 Qxd6 11. O-O O-O 12. Rfe1 Bxf3 13. Nxf3 Qc7 14. Qc2
Rfc8 15. Rac1 Qf4 16. Qd1 Rab8 17. g3 Qc7 18. Qe2 a6 19. Kg2 Re8 $11 20. h4 Re7
21. Rcd1 Rbe8 22. Ne5 Nxe5 23. dxe5 Nd7 24. Bc2 f6 25. Qd3 f5 26. Qe2 Rf7 27.
Rd4 Ref8 28. c4 dxc4 29. Rxc4 Qb6 30. b4 Nb8 31. Rd1 Nc6 32. Rd6 Qb5 33. f4
Nxb4 34. a4 Qa5 35. Bb3 Nd5 36. Rd4 Qc5 37. Bxd5 Qxd4 38. Bxe6 Qxa4 39. Qd2 g6
40. Bxf7+ Rxf7 41. h5 Qe4+ 42. Kh2 Rc7 43. Rxg6+ hxg6 1/2-1/2

[Event "SG Solingen 3 - Bielefelder SK 1"]
[Site "NRW-Liga - Gruppe 2 2021/2022"]
[Date "2022.01.09"]
[Round "4.2"]
[White "Michalczak, Thomas"]
[Black "Gruen, Gerd-Peter"]
[Result "1-0"]
[WhiteElo "2212"]
[BlackElo "2202"]
[Annotator "daniel"]
[PlyCount "57"]
[EventDate "2022.??.??"]
[SourceVersionDate "2020.03.16"]
[WhiteTeam "SG Solingen 3"]
[BlackTeam "Bielefelder SK 1"]

1. e4 e5 2. Nf3 Nc6 3. Bb5 Nf6 4. d4 exd4 5. O-O a6 6. Ba4 d6 7. Nxd4 Bd7 8.
Bxc6 bxc6 9. Nc3 Be7 10. Re1 O-O 11. h3 Re8 12. Bf4 Bf8 13. Qf3 Rb8 14. b3 c5
15. Nf5 h6 16. Rad1 Bxf5 17. exf5 Qd7 18. Be5 Nh7 19. f6 g6 20. Na4 Qf5 21.
Qxf5 gxf5 22. Bc3 Re6 23. Kf1 Rbe8 24. h4 h5 25. Nb2 Bh6 26. Nd3 Nf8 27. f4 Nd7
28. g3 Kh7 29. b4 {ZÜ} 1-0

[Event "SG Solingen 3 - Bielefelder SK 1"]
[Site "NRW-Liga - Gruppe 2 2021/2022"]
[Date "2022.01.09"]
[Round "4.3"]
[White "Beilfuß, Wilfried"]
[Black "Wickenfeld, Stefan"]
[Result "0-1"]
[WhiteElo "2137"]
[BlackElo "2133"]
[PlyCount "70"]
[EventDate "2022.??.??"]
[SourceVersionDate "2020.03.16"]
[WhiteTeam "Bielefelder SK 1"]
[BlackTeam "SG Solingen 3"]

1. c4 e5 2. g3 c6 3. d4 e4 4. Bg2 d5 5. Nc3 Be6 6. Nh3 Ne7 7. Nf4 Qd7 8. O-O
Ng6 9. Nxe6 fxe6 10. f3 exf3 11. Bxf3 dxc4 12. e4 e5 13. Be3 exd4 14. Bg4 Qd6
15. e5 Nxe5 16. Bxd4 Nd3 17. Be3 Nd7 18. Qe2 N7e5 19. Ne4 Qd5 20. Nc3 Qd8 21.
Rad1 Be7 22. Be6 b5 23. Bf4 Qd4+ 24. Kg2 Bf6 25. Bxe5 Qxe5 26. Qg4 Rd8 27. Bf5
O-O 28. Bxd3 Rxd3 29. Rde1 Re3 30. Rxe3 Qxe3 31. Ne4 Kh8 32. Qe6 Qd4 33. Nd6
Qd5+ 34. Qxd5 cxd5 35. Nxb5 Rb8 0-1

[Event "SG Solingen 3 - Bielefelder SK 1"]
[Site "NRW-Liga - Gruppe 2 2021/2022"]
[Date "2022.01.09"]
[Round "4.4"]
[White "Kniest, Oliver"]
[Black "Simon, Hans-Christian"]
[Result "1/2-1/2"]
[WhiteElo "2189"]
[BlackElo "2134"]
[PlyCount "135"]
[EventDate "2022.??.??"]
[SourceVersionDate "2020.03.16"]
[WhiteTeam "SG Solingen 3"]
[BlackTeam "Bielefelder SK 1"]

1. d4 Nf6 2. c4 e6 3. Nc3 Bb4 4. f3 d5 5. a3 Bxc3+ 6. bxc3 c5 7. cxd5 Nxd5 8.
dxc5 Qa5 9. e4 Ne7 10. Be3 O-O 11. Qb3 Nd7 12. a4 Nc6 13. Bb5 a6 14. Bxc6 bxc6
15. Qb4 Qc7 16. Ne2 Ne5 17. Rd1 a5 18. Qb6 Qe7 19. Bf4 Nc4 20. Qxc6 Bb7 21. Qc7
Qxc7 22. Bxc7 Rfc8 23. Bd6 Bc6 24. Rd4 Nb2 25. Kf2 f6 26. f4 e5 27. fxe5 fxe5
28. Bxe5 Nxa4 29. Bd6 Be8 30. Ra1 Nxc5 31. Bxc5 Rxc5 32. Rd5 Rc4 33. Rdxa5 Rxa5
34. Rxa5 Rxe4 35. Nd4 Kf7 36. Nf5 Kf6 37. Nd6 Re6 38. Ra6 Bd7 39. Ne4+ Ke5 40.
Rxe6+ Bxe6 41. Ng5 Bg8 42. Ke3 h6 43. Nf3+ Kd5 44. Nd4 Ke5 45. g4 g6 46. Nf3+
Kd5 47. Kd3 Be6 48. c4+ Kd6 49. h3 h5 50. gxh5 gxh5 51. h4 Kc5 52. Nd2 Bf5+ 53.
Kc3 Kd6 54. Kd4 Bh3 55. c5+ Ke6 56. Ne4 Bg2 57. Ng3 Bf3 58. Ke3 Bd1 59. Kf4 Kd5
60. Ne4 Bc2 61. Nf6+ Kxc5 62. Nxh5 Kd6 63. Kg5 Ke7 64. Nf6 Kf7 65. h5 Bd1 66.
h6 Bc2 67. h7 Bxh7 68. Nxh7 1/2-1/2

[Event "SG Solingen 3 - Bielefelder SK 1"]
[Site "NRW-Liga - Gruppe 2 2021/2022"]
[Date "2022.01.09"]
[Round "4.5"]
[White "Goeßling, Guido"]
[Black "Gupta, Milon"]
[Result "1-0"]
[WhiteElo "2126"]
[BlackElo "2157"]
[PlyCount "73"]
[EventDate "2022.??.??"]
[SourceVersionDate "2020.03.16"]
[WhiteTeam "Bielefelder SK 1"]
[BlackTeam "SG Solingen 3"]

1. e4 d6 2. d4 Nf6 3. Nc3 e5 4. Nf3 Nbd7 5. Bc4 Be7 6. O-O O-O 7. Re1 c6 8. a4
h6 9. b3 Re8 10. Bb2 Qc7 11. Bd3 Nf8 12. Ne2 Ng6 13. h3 Bd7 14. Qd2 Nh7 15. Ng3
Ng5 16. Nxg5 Bxg5 17. Qd1 Nf4 18. Bf1 exd4 19. Bxd4 d5 20. Qf3 c5 21. Bb2 d4
22. c3 Bf6 23. Rad1 Ne6 24. Bc4 Rad8 25. cxd4 cxd4 26. Nf5 Ng5 27. Nxh6+ Kh7
28. Qd3 Kxh6 29. Bc1 Bc8 30. h4 g6 31. e5 Bf5 32. Qg3 Bxe5 33. Bxg5+ Kg7 34.
Bxd8 Bxg3 35. Bxc7 Rxe1+ 36. Rxe1 Bxc7 37. Re7 1-0

[Event "SG Solingen 3 - Bielefelder SK 1"]
[Site "NRW-Liga - Gruppe 2 2021/2022"]
[Date "2022.01.09"]
[Round "4.6"]
[White "Borchert, Stephan"]
[Black "Forchert, Niko"]
[Result "1/2-1/2"]
[WhiteElo "2104"]
[BlackElo "2069"]
[PlyCount "107"]
[EventDate "2022.??.??"]
[SourceVersionDate "2020.03.16"]
[WhiteTeam "SG Solingen 3"]
[BlackTeam "Bielefelder SK 1"]

1. e4 d5 2. exd5 Qxd5 3. Nc3 Qa5 4. Bc4 Nf6 5. Nge2 a6 6. Ng3 Qe5+ 7. Nce2 c5
8. d4 cxd4 9. Qxd4 Qxd4 10. Nxd4 e6 11. O-O Bd7 12. Re1 Be7 13. Bg5 Nc6 14. Nf3
O-O 15. c3 b5 16. Bb3 h6 17. Bf4 Rfd8 18. Rad1 Be8 19. Bc7 Rdc8 20. Bb6 Rab8
21. Be3 Na5 22. Bf4 Rb7 23. Ne2 Nxb3 24. axb3 Nd5 25. Be5 f6 26. Bg3 Bf7 27.
Ra1 Rb6 28. b4 e5 29. Red1 Rd8 30. Nd2 Rbd6 31. Ne4 Nf4 32. Nxd6 Nxe2+ 33. Kh1
Nxg3+ 34. hxg3 Rxd6 35. Rxd6 Bxd6 36. Rxa6 Bf8 37. Rb6 Bc4 38. Rb7 e4 39. g4
Bd6 40. Rd7 Bf4 41. Rd4 Bd3 42. b3 Bd2 43. Rd8+ Kf7 44. Rc8 Ke7 45. c4 bxc4 46.
bxc4 Bxb4 47. Rc7+ Kd6 48. Rxg7 Bxc4 49. Rg6 Ke5 50. Rxh6 Be2 51. Rg6 Bd2 52.
Kh2 Be1 53. Kg1 Bd2 54. Kh2 1/2-1/2

[Event "SG Solingen 3 - Bielefelder SK 1"]
[Site "NRW-Liga - Gruppe 2 2021/2022"]
[Date "2022.01.09"]
[Round "4.7"]
[White "Danielmeier, Ralf"]
[Black "Peschel, Andreas"]
[Result "0-1"]
[WhiteElo "2053"]
[BlackElo "2127"]
[PlyCount "30"]
[EventDate "2022.??.??"]
[SourceVersionDate "2020.03.16"]
[WhiteTeam "Bielefelder SK 1"]
[BlackTeam "SG Solingen 3"]

1. e4 g6 2. d4 Bg7 3. Nc3 c6 4. Be3 d5 5. f3 Qb6 6. Qd2 Qxb2 7. Rb1 Qa3 8. exd5
Nf6 9. dxc6 Nxc6 10. Nb5 Qxa2 11. Rb3 O-O 12. d5 Nxd5 13. Qxd5 Be6 14. Qe4 Bxb3
15. cxb3 a6 0-1

[Event "SG Solingen 3 - Bielefelder SK 1"]
[Site "NRW-Liga - Gruppe 2 2021/2022"]
[Date "2022.01.09"]
[Round "4.8"]
[White "Fichtner, Ewald"]
[Black "Doering, Carsten"]
[Result "1-0"]
[WhiteElo "2036"]
[BlackElo "1967"]
[PlyCount "47"]
[EventDate "2022.??.??"]
[SourceVersionDate "2020.03.16"]
[WhiteTeam "SG Solingen 3"]
[BlackTeam "Bielefelder SK 1"]

1. d4 Nf6 2. Bf4 g6 3. Nc3 d6 4. e4 Bg7 5. Qd2 Nbd7 6. Nf3 c6 7. O-O-O Qc7 8.
e5 dxe5 9. Nxe5 Nxe5 10. Bxe5 Qa5 11. Bc4 b5 12. Bb3 O-O 13. f3 c5 14. dxc5 b4
15. Nd5 Nxd5 16. Bxg7 Kxg7 17. Bxd5 Rd8 18. Qd4+ f6 19. Qe4 Qxc5 20. Bxa8 Bf5
21. Qe2 Rc8 22. Be4 b3 23. axb3 Be6 24. Kb1 1-0

[Event "SF Essen-Katernberg  2 - SG Porz 2"]
[Site "NRW-Liga - Gruppe 2 2021/2022"]
[Date "2022.01.09"]
[Round "4.1"]
[White "Malykin, Vitaly"]
[Black "Gassmann, Volker"]
[Result "1-0"]
[WhiteElo "2266"]
[BlackElo "2191"]
[PlyCount "61"]
[EventDate "2022.??.??"]
[SourceVersionDate "2020.03.16"]
[WhiteTeam "SG Porz 2"]
[BlackTeam "SF Essen-Katernberg  2"]

1. Nf3 b6 2. e4 Bb7 3. Nc3 d6 4. d4 Nf6 5. Bb5+ c6 6. Bd3 e6 7. Qe2 Nbd7 8. e5
dxe5 9. dxe5 Nd5 10. Nxd5 cxd5 11. Bf4 h6 12. Nd4 Bc5 13. c3 a6 14. O-O b5 15.
Bg3 Qb6 16. Qg4 g5 17. h4 O-O-O 18. hxg5 hxg5 19. b4 Be7 20. Qf3 f5 21. exf6
Bxf6 22. Rfe1 Rh6 23. Rxe6 Rdh8 24. Kf1 Bxd4 25. Rxb6 Bxb6 26. Ke2 d4 27. Qg4
dxc3 28. Bf5 Rd8 29. Rc1 Rc6 30. Bxd7+ Rxd7 31. Rd1 1-0

[Event "SF Essen-Katernberg  2 - SG Porz 2"]
[Site "NRW-Liga - Gruppe 2 2021/2022"]
[Date "2022.01.09"]
[Round "4.3"]
[White "Pauly, Carlo"]
[Black "Dahm, Bernd"]
[Result "1/2-1/2"]
[WhiteElo "2285"]
[BlackElo "2133"]
[PlyCount "80"]
[EventDate "2022.??.??"]
[SourceVersionDate "2020.03.16"]
[WhiteTeam "SG Porz 2"]
[BlackTeam "SF Essen-Katernberg  2"]

1. d4 Nf6 2. c4 e6 3. Nc3 Bb4 4. Qc2 O-O 5. Nf3 c5 6. dxc5 Na6 7. g3 Nxc5 8.
Bg2 Nce4 9. O-O Nxc3 10. bxc3 Be7 11. e4 d6 12. e5 dxe5 13. Nxe5 Qc7 14. Qe2
Nd7 15. Bf4 Nxe5 16. Bxe5 Bd6 17. Bxd6 Qxd6 18. Qe3 Qc7 19. Rab1 Qxc4 20. Rfd1
Qxa2 21. Qe5 Qa4 22. Rd4 Qe8 23. Rbd1 Qe7 24. Be4 a5 25. Bc2 Ra6 26. h4 f6 27.
Qh5 f5 28. Qe2 e5 29. Re1 Rc6 30. Rc4 Rxc4 31. Qxc4+ Kh8 32. Qb5 e4 33. Qxa5
Be6 34. Rb1 h6 35. Qa7 Bd5 36. Bb3 Bc6 37. Qd4 Rd8 38. Qe3 Qe5 39. Rd1 Rxd1+
40. Bxd1 Qd6 1/2-1/2

[Event "SF Essen-Katernberg  2 - SG Porz 2"]
[Site "NRW-Liga - Gruppe 2 2021/2022"]
[Date "2022.01.09"]
[Round "4.4"]
[White "Irkilmez, Yakub"]
[Black "Sabirov, Ramil"]
[Result "1-0"]
[WhiteElo "2048"]
[BlackElo "2148"]
[PlyCount "75"]
[EventDate "2022.??.??"]
[SourceVersionDate "2020.03.16"]
[WhiteTeam "SF Essen-Katernberg  2"]
[BlackTeam "SG Porz 2"]

1. d4 Nf6 2. c4 g6 3. Nc3 d5 4. Nf3 Bg7 5. h4 dxc4 6. e4 Bg4 7. Bxc4 O-O 8. Be3
c5 9. dxc5 Nbd7 10. Qc2 Qa5 11. Nd4 Nxc5 12. f3 Bd7 13. Kf2 Qc7 14. Ndb5 Qc8
15. e5 Bxb5 16. Bxb5 Nfd7 17. Nd5 Qd8 18. Bxc5 Rc8 19. Bxd7 Qxd7 20. Qd1 Qb5
21. Ba3 Rfd8 22. Nxe7+ Kh8 23. Nxc8 Rxd1 24. Rhxd1 Bxe5 25. Rac1 Bf4 26. Rc5
Qa4 27. Rd3 b6 28. Rcc3 Be5 29. Rd8+ Kg7 30. Bf8+ Kf6 31. Nd6 Qxh4+ 32. Ke2
Bxc3 33. Ne4+ Kf5 34. Rd5+ Ke6 35. Rd6+ Ke5 36. Bg7+ Kf5 37. Bxc3 Qh2 38. Rf6#
1-0

[Event "SF Essen-Katernberg  2 - SG Porz 2"]
[Site "NRW-Liga - Gruppe 2 2021/2022"]
[Date "2022.01.09"]
[Round "4.5"]
[White "Gallasch, Robin"]
[Black "Dette, Jan"]
[Result "0-1"]
[WhiteElo "1999"]
[BlackElo "2076"]
[PlyCount "96"]
[EventDate "2022.??.??"]
[SourceVersionDate "2020.03.16"]
[WhiteTeam "SG Porz 2"]
[BlackTeam "SF Essen-Katernberg  2"]

1. d4 Nf6 2. Nc3 d5 3. Bf4 c5 4. e3 cxd4 5. exd4 a6 6. Nf3 Nc6 7. Ne5 h6 8.
Nxc6 bxc6 9. Na4 e6 10. c3 Bd6 11. Bxd6 Qxd6 12. Bd3 a5 13. Qe2 O-O 14. O-O Ra7
15. f4 Nd7 16. Kh1 c5 17. Nxc5 Nxc5 18. dxc5 Qxc5 19. Rad1 a4 20. Qe5 Ba6 21.
Bxa6 Rxa6 22. f5 f6 23. Qe2 Qc4 24. Qf3 Qe4 25. fxe6 Rxe6 26. Kg1 Rb8 27. Rd2
Reb6 28. Qxe4 dxe4 29. Rb1 f5 30. Kf2 f4 31. Rc2 Rd8 32. b4 axb3 33. axb3 Rbd6
34. Ke2 Rg6 35. Kf2 Rd3 36. b4 f3 37. g3 Re6 38. Re1 g5 39. g4 h5 40. gxh5 g4
41. Re3 Rd1 42. Kg3 Rg1+ 43. Kh4 Rg2 44. Rc1 Re5 45. Rf1 Kg7 46. Ra1 Kf6 47. h6
Kf5 48. h3 Rh2 0-1

[Event "SF Essen-Katernberg  2 - SG Porz 2"]
[Site "NRW-Liga - Gruppe 2 2021/2022"]
[Date "2022.01.09"]
[Round "4.6"]
[White "Gorainow, Nikita"]
[Black "Sabirov, Rafael"]
[Result "1-0"]
[WhiteElo "2021"]
[BlackElo "1960"]
[PlyCount "71"]
[EventDate "2022.??.??"]
[SourceVersionDate "2020.03.16"]
[WhiteTeam "SF Essen-Katernberg  2"]
[BlackTeam "SG Porz 2"]

1. e4 c5 2. Nf3 e6 3. d4 cxd4 4. Nxd4 a6 5. Nc3 Qc7 6. Qf3 Nc6 7. Be3 Bb4 8.
Nxc6 dxc6 9. Bd4 e5 10. Qg3 f6 11. O-O-O g6 12. Bc4 Qa5 13. a3 Be7 14. Be3 b5
15. Bb3 Bd7 16. Bf7+ Kxf7 17. Rxd7 b4 18. axb4 Qxb4 19. Bd2 Rb8 20. b3 Ke8 21.
Qd3 Rb7 22. Rxb7 Qxb7 23. Kb2 Bb4 24. Ra1 a5 25. Na4 Ne7 26. c3 Qb5 27. Qxb5
cxb5 28. cxb4 bxa4 29. bxa5 axb3 30. a6 Kd7 31. a7 Ra8 32. Kxb3 Nc6 33. Be3 Kc7
34. Kc4 Kd6 35. Ra6 Kd7 36. Kb5 1-0

[Event "SF Essen-Katernberg  2 - SG Porz 2"]
[Site "NRW-Liga - Gruppe 2 2021/2022"]
[Date "2022.01.09"]
[Round "4.7"]
[White "Kurgulin, Artur"]
[Black "Heldt, Maximilian"]
[Result "0-1"]
[WhiteElo "1831"]
[BlackElo "2036"]
[PlyCount "54"]
[EventDate "2022.??.??"]
[SourceVersionDate "2020.03.16"]
[WhiteTeam "SG Porz 2"]
[BlackTeam "SF Essen-Katernberg  2"]

1. Nf3 d5 2. d4 c5 3. e3 Nf6 4. Be2 Bf5 5. O-O e6 6. Nh4 Bg6 7. c3 Ne4 8. Qb3
Nd7 9. g3 Be7 10. Nxg6 hxg6 11. Qxb7 c4 12. f3 Rb8 13. Qc6 Rb6 14. Qa4 Nxg3 15.
hxg3 Bh4 16. Rf2 Bxg3 17. Rg2 Qh4 18. Kf1 Qg5 19. Qc2 Rh1+ 20. Rg1 Rh2 21. Bd1
Rxc2 22. Bxc2 Qh4 23. Bd1 e5 24. Nd2 exd4 25. cxd4 Re6 26. Nb1 Nf6 27. Nc3 Bf2
0-1

[Event "SF Essen-Katernberg  2 - SG Porz 2"]
[Site "NRW-Liga - Gruppe 2 2021/2022"]
[Date "2022.01.09"]
[Round "4.8"]
[White "Kaeding, Rainer"]
[Black "Swoboda, Sascha"]
[Result "1-0"]
[WhiteElo "2063"]
[BlackElo "1694"]
[PlyCount "87"]
[EventDate "2022.??.??"]
[SourceVersionDate "2020.03.16"]
[WhiteTeam "SF Essen-Katernberg  2"]
[BlackTeam "SG Porz 2"]

1. c4 c5 2. g3 g6 3. Bg2 Bg7 4. Nc3 Nc6 5. e4 d6 6. Nge2 e6 7. d3 Nge7 8. Be3
b6 9. d4 Rb8 10. Qd2 O-O 11. Rd1 a6 12. b3 Qc7 13. O-O cxd4 14. Nxd4 Rd8 15.
Rc1 Bb7 16. Nd5 exd5 17. cxd5 Qd7 18. dxc6 Nxc6 19. Rfd1 Ne5 20. h3 b5 21. Ne2
Bf8 22. f4 Nc6 23. e5 Rbc8 24. Bb6 Re8 25. Nc3 Nb8 26. exd6 Bxg2 27. Qxg2 Qe6
28. Bc7 Bxd6 29. Bxd6 Qe3+ 30. Kh2 Rxc3 31. Rxc3 Qxc3 32. Be5 Qc6 33. Qb2 Nd7
34. Rd6 Qb7 35. Qg2 Qxg2+ 36. Kxg2 Nxe5 37. fxe5 Rxe5 38. Rxa6 h5 39. Ra5 Rc5
40. Kf3 f5 41. Kf4 Kg7 42. a4 Kh6 43. h4 Rc1 44. Rxb5 1-0

[Event "Brühler SK 1 - Krefelder SK Turm 1"]
[Site "NRW-Liga - Gruppe 2 2021/2022"]
[Date "2022.01.30"]
[Round "5.1"]
[White "Gutkin, Ilya"]
[Black "Loifenfeld, Jakov"]
[Result "1-0"]
[WhiteElo "2215"]
[BlackElo "2319"]
[Annotator "daniel"]
[PlyCount "127"]
[EventDate "2022.??.??"]
[SourceVersionDate "2020.03.16"]
[WhiteTeam "Krefelder SK Turm 1"]
[BlackTeam "Brühler SK 1"]

1. Nf3 Nf6 2. g3 g6 3. b3 Bg7 4. Bb2 d6 5. d4 O-O 6. Bg2 c5 7. c4 Nc6 8. d5 Na5
9. O-O b5 10. Nbd2 Rb8 11. Bc3 Ba6 12. Qc2 Ne8 13. Ne1 Bh6 14. cxb5 Bxb5 15.
Nd3 Bg7 16. Rad1 Bxc3 17. Qxc3 Nf6 18. e4 Bxd3 19. Qxd3 Qb6 $11 20. Rfe1 Rfd8
21. h3 Qb5 22. Qe3 Nd7 23. f4 Qb4 24. Nf3 c4 25. e5 Nf8 26. e6 fxe6 27. Ng5
cxb3 28. Nxe6 bxa2 29. Nxd8 Rxd8 30. Ra1 Rd7 31. Rxa2 Nc4 32. Qf2 Qb3 33. Kh2
Qc3 34. Rc2 Qb3 35. Rec1 Nb6 36. Qd4 Qa4 37. Qxa4 Nxa4 38. Rc8 Nc5 39. Rb1 Rb7
40. Rxb7 Nxb7 41. Rc7 Nc5 42. Rxa7 Kf7 43. g4 h6 44. Kg3 Nh7 45. h4 Nf6 46. Bf3
Ne8 47. g5 hxg5 48. hxg5 Ng7 49. Bg4 Kf8 50. Kf3 Kf7 51. Ke3 Kf8 52. Kd4 Kf7
53. Ra3 Kf8 54. Kc4 Kf7 55. Re3 Kf8 56. Kb5 Ke8 57. Kc6 Kf8 58. Kc7 Kf7 59. Bc8
Ke8 60. Rh3 Kf7 61. Kd8 e6 62. Kc7 Ne4 63. Kc6 Nf2 64. Re3 1-0

[Event "Brühler SK 1 - Krefelder SK Turm 1"]
[Site "NRW-Liga - Gruppe 2 2021/2022"]
[Date "2022.01.30"]
[Round "5.2"]
[White "Keller, Thomas"]
[Black "Van Gool, Rudi"]
[Result "1-0"]
[WhiteElo "2209"]
[BlackElo "2191"]
[PlyCount "103"]
[EventDate "2022.??.??"]
[SourceVersionDate "2020.03.16"]
[WhiteTeam "Brühler SK 1"]
[BlackTeam "Krefelder SK Turm 1"]

1. e4 e6 2. d3 d5 3. Qe2 Be7 4. Nf3 Nf6 5. g3 Nc6 6. Bg2 O-O 7. e5 Nd7 8. O-O
Qe8 9. c4 f6 10. exf6 Bxf6 11. Nc3 Nb6 12. Re1 Qd8 13. Bf4 e5 14. cxd5 exf4 15.
dxc6 bxc6 16. Ne5 Bxe5 17. Qxe5 f3 18. Bf1 Bf5 19. Re3 Bg6 20. Qe6+ Kh8 21.
Qxc6 Rf6 22. Re6 Be8 23. Qe4 Bg6 24. Qe3 Rxe6 25. Qxe6 Qf8 26. Qc6 Re8 27. Qxc7
Re7 28. Qd6 Qe8 29. Qf4 Rf7 30. Re1 Qd8 31. Qe5 Qg8 32. Bh3 Qd8 33. d4 Rf8 34.
Qe7 Qb8 35. Qe5 Qa8 36. Qe3 Nc4 37. Qc1 Qb8 38. b3 Nd6 39. d5 Qb4 40. Re3 h6
41. Qe1 Kh7 42. Re7 Rf6 43. Bf1 a5 44. Qe5 Nf7 45. Qe3 Nd6 46. Re6 Nf5 47. Qe5
Rf7 48. Bd3 Qg4 49. Ne4 Rd7 50. Rxg6 Qxg6 51. Nf6+ gxf6 52. Qxf5 1-0

[Event "Brühler SK 1 - Krefelder SK Turm 1"]
[Site "NRW-Liga - Gruppe 2 2021/2022"]
[Date "2022.01.30"]
[Round "5.3"]
[White "Guddat, Joachim"]
[Black "Schaefer, Juergen"]
[Result "1/2-1/2"]
[WhiteElo "2081"]
[BlackElo "2103"]
[PlyCount "63"]
[EventDate "2022.??.??"]
[SourceVersionDate "2020.03.16"]
[WhiteTeam "Krefelder SK Turm 1"]
[BlackTeam "Brühler SK 1"]

1. d4 g6 2. c4 Bg7 3. Nc3 c5 4. Nf3 cxd4 5. Nxd4 Nc6 6. Nc2 d6 7. e4 b6 8. Be2
Bb7 9. O-O Rc8 10. Bg4 Rb8 11. Be3 Bxc3 12. bxc3 Nf6 13. Bh6 Ne5 14. Bg7 Rg8
15. Bxf6 exf6 16. Ne3 Bxe4 17. f4 Nxg4 18. Nxg4 h5 19. Re1 hxg4 20. Rxe4+ Kf8
21. Rd4 Kg7 22. Qxg4 Qe7 23. Qf3 Rge8 24. Kf2 f5 25. g3 b5 26. cxb5 Rxb5 27.
Rd2 Rc8 28. Qd3 Rbc5 29. Re1 Qf6 30. Qxd6 Qxc3 31. Qd4+ Qxd4+ 32. Rxd4 1/2-1/2

[Event "Brühler SK 1 - Krefelder SK Turm 1"]
[Site "NRW-Liga - Gruppe 2 2021/2022"]
[Date "2022.01.30"]
[Round "5.4"]
[White "Spilles, Matthias"]
[Black "Neuer, Thomas"]
[Result "1-0"]
[WhiteElo "2085"]
[BlackElo "2101"]
[Annotator "daniel"]
[PlyCount "81"]
[EventDate "2022.??.??"]
[SourceVersionDate "2020.03.16"]
[WhiteTeam "Brühler SK 1"]
[BlackTeam "Krefelder SK Turm 1"]

1. e4 e6 2. d4 d5 3. Nc3 Nc6 4. Nf3 Nf6 5. e5 Ne4 6. Bd3 Bb4 7. Bd2 Nxd2 8.
Qxd2 f6 9. a3 Ba5 10. Bb5 Bd7 11. b4 Bb6 12. Bxc6 Bxc6 13. O-O O-O 14. Rfe1 a5
15. Rab1 axb4 16. axb4 f5 17. Ne2 Bb5 18. Nf4 Qe7 19. h4 Ra2 20. Ng5 Bd7 21.
Ra1 Rfa8 22. Qc3 h6 23. Rxa2 Rxa2 24. Nf3 Bb5 25. h5 Ra4 $11 26. Ra1 Rxa1+ 27.
Qxa1 Qe8 28. c3 Ba6 29. Nd2 Kf7 30. Qb1 Ke7 31. g4 fxg4 32. Qh7 Qf7 33. Ng6+
Kd7 34. Nb3 Kc6 35. Qh8 Bd3 36. Nf4 Bf5 37. Qc8 Bc2 38. Nxe6 Qe7 39. Nbc5 Bxc5
40. bxc5 b5 41. Nd8+ 1-0

[Event "Brühler SK 1 - Krefelder SK Turm 1"]
[Site "NRW-Liga - Gruppe 2 2021/2022"]
[Date "2022.01.30"]
[Round "5.5"]
[White "Maes, Valery"]
[Black "Engel, Johann"]
[Result "1/2-1/2"]
[WhiteElo "2067"]
[BlackElo "2136"]
[PlyCount "63"]
[EventDate "2022.??.??"]
[SourceVersionDate "2020.03.16"]
[WhiteTeam "Krefelder SK Turm 1"]
[BlackTeam "Brühler SK 1"]

1. d4 Nf6 2. Nf3 g6 3. c4 Bg7 4. Nc3 O-O 5. Bg5 h6 6. Bh4 d6 7. e3 Nbd7 8. Be2
c6 9. Qc2 Qa5 10. O-O e5 11. a3 Re8 12. b4 Qd8 13. Rac1 Nb6 14. dxe5 dxe5 15.
Rfd1 Qc7 16. Bxf6 Bxf6 17. c5 Nd7 18. Bc4 Bg7 19. Qxg6 Nf6 20. Ne4 Nxe4 21.
Qxe4 Be6 22. Nh4 Rad8 23. Bxe6 Rxe6 24. Nf5 Bf8 25. Qh4 Rd5 26. e4 Rd7 27. Qg4+
Rg6 28. Qf3 a5 29. g3 axb4 30. axb4 Rxd1+ 31. Qxd1 b6 32. Qd2 1/2-1/2

[Event "Brühler SK 1 - Krefelder SK Turm 1"]
[Site "NRW-Liga - Gruppe 2 2021/2022"]
[Date "2022.01.30"]
[Round "5.6"]
[White "Haskelman, Evgen"]
[Black "Markgraf, Jonas"]
[Result "0-1"]
[WhiteElo "2100"]
[BlackElo "2022"]
[PlyCount "128"]
[EventDate "2022.??.??"]
[SourceVersionDate "2020.03.16"]
[WhiteTeam "Brühler SK 1"]
[BlackTeam "Krefelder SK Turm 1"]

1. e4 c5 2. Nc3 Nc6 3. g3 g6 4. Bg2 Bg7 5. d3 d6 6. Be3 e6 7. Qd2 a6 8. Nh3 Bd7
9. O-O Qc7 10. a3 Nge7 11. Bh6 Bxh6 12. Qxh6 O-O-O 13. b4 Nd4 14. Qd2 h5 15.
Rab1 h4 16. Ng5 Rdf8 17. b5 axb5 18. Nd1 hxg3 19. fxg3 f6 20. c3 Ndc6 21. Nf3
Ne5 22. Ne3 Nxf3+ 23. Bxf3 Bc6 24. c4 bxc4 25. Nxc4 f5 26. Nb6+ Kd8 27. d4 Bxe4
28. Bxe4 fxe4 29. Rfc1 Rf5 30. Na8 Qb8 31. Qa5+ Ke8 32. dxc5 dxc5 33. Nc7+ Kf7
34. Rxc5 Nc6 35. Rxf5+ gxf5 36. Qb6 Qd8 37. Qxb7 Qd4+ 38. Kh1 Ne7 39. Qb6 Qe5
40. Rb5 Qa1+ 41. Rb1 Qe5 42. Qb2 Qxb2 43. Rxb2 Nd5 44. Rb7 Kf6 45. Kg2 Rc8 46.
Nxd5+ exd5 47. Rb2 d4 48. Kf2 Rc3 49. Ra2 Rf3+ 50. Kg2 Rc3 51. Kf2 e3+ 52. Kf3
Rc1 53. Ke2 Ke5 54. Kf3 Rf1+ 55. Kg2 Re1 56. Rb2 d3 57. Rb5+ Kd4 58. Rb8 d2 59.
Rd8+ Ke4 60. Re8+ Kd3 61. Rd8+ Ke2 62. h4 d1=Q 63. Rxd1 Rxd1 64. h5 Rd6 0-1

[Event "Brühler SK 1 - Krefelder SK Turm 1"]
[Site "NRW-Liga - Gruppe 2 2021/2022"]
[Date "2022.01.30"]
[Round "5.7"]
[White "Komans, Dieter"]
[Black "Lahmann, Rudolf"]
[Result "0-1"]
[WhiteElo "1980"]
[BlackElo "1943"]
[PlyCount "68"]
[EventDate "2022.??.??"]
[SourceVersionDate "2020.03.16"]
[WhiteTeam "Krefelder SK Turm 1"]
[BlackTeam "Brühler SK 1"]

1. e4 c5 2. Nf3 d6 3. Bb5+ Bd7 4. Bxd7+ Qxd7 5. O-O Nc6 6. c3 e6 7. d4 cxd4 8.
cxd4 Nf6 9. d5 Ne5 10. dxe6 Nxf3+ 11. Qxf3 fxe6 12. Nc3 Be7 13. Bg5 O-O 14. Qh3
h6 15. Bh4 Rad8 16. Rfd1 a6 17. Rac1 Nh7 18. Bxe7 Qxe7 19. Qe3 Rc8 20. Ne2 Nf6
21. f3 Qd7 22. Qb3 Rxc1 23. Nxc1 d5 24. Nd3 Rc8 25. e5 Nh7 26. f4 Nf8 27. f5
Kh8 28. Nf4 Qc7 29. Qe3 exf5 30. e6 Re8 31. Rxd5 g5 32. Qd4+ Qg7 33. Qxg7+ Kxg7
34. Rd7+ Kh8 0-1